Couleur Rose - Statistiques

Statistiques générales
  • Ce quiz a été pris 59 fois
  • Le résultat moyen est 10 sur 15
Statistiques - réponses
Question Réponse % Correct
Petite poupée mannequin, très connue, commercialisée depuis 1959 par l'entreprise Mattel. Elle est associée à la couleur rose. Barbie
98%
Nom d'un dessin animé créé par Friz Freleng et apparu pour la première fois en 1963. Le personnage principal est de couleur rose. La Panthère Rose
93%
Quel est le nom donné à un vin "d'été" de couleur rose ? Rosé
91%
La traduction anglaise du mot "rose" est proche du mot "punk" (mouvement de contestation provocateur constitué de jeunes opposés à l'ordre social). Comment dit-on "rose" en anglais ? Pink
89%
Le ruban rose est associé à la lutte contre cette maladie. Il s'agit du cancer _____. Du sein
88%
Elle chantait "la vie en rose". Edith Piaf
84%
La vapeur d'eau se condense en de très fines gouttelettes qui se déposent le matin et le soir sur les végétaux et autres "corps" exposés à l'air libre. Ce phénomène porte un nom, proche de la couleur "rose". Rosée
82%
La couleur rose est associée à deux signes du zodiaque. Donnez en au moins un. Balance / Cancer
80%
Cette figure symétrique est formée de courbes inscrites dans un cercle à partir d'un point central, ayant plus ou moins la forme d'une rose. Elle est utilisée notamment dans l'architecture ; pour les églises par exemple. Son nom contient les trois premières lettres du mot "rose". Rosace
79%
La couleur rose du plumage de cet animal est due à un pigment caroténoïde que ceux-ci sont incapables de synthétiser. Ils se le procurent en mangeant du plancton et, par conséquent, sont donc plus ou moins roses selon leur consommation. De quel animal s'agit-il ? Flamant Rose
68%
Pendant longtemps, le rose était une couleur associée aux hommes plutôt qu'aux femmes. D'ailleurs, un Roi français portait souvent des tenues avec du rose. Qui est ce Roi ? Louis XIV
48%
Selon une légende grecque, ce fruit (rose) était très prisé des dieux de l'Olympe et serait née sur les pentes du Mont Ida, en Grèce. Framboise
46%
Le poète Pierre Ronsard, a écrit un célèbre poème où il invitait sa _____ d'aller(ons) voir si la rose, qui ce matin avait déclose, sa robe de pourpre au soleil (...). Retrouvez le mot manquant. Mignonne
36%
Il s'agit d'une maladie de la peau qui touche les petits vaisseaux sanguins du visage, notamment les joues. Elle provoque des rougeurs éparses ; "couperose" et parfois des lésions assez importantes. Le nom de cette maladie ressemble au mot "rose", quel est son nom ? Rosacée
36%
Deux drapeaux nationaux contiennent du rose. Donnez-en au moins un. Espagne / Mexique
25%
Aucun quiz correspondant
Distribution des résultats
% des personnes avec chaque résultat
Percentile par nombre de réponses
Votre historique - résultats
Vous n’avez pas pris ce quiz